<?xml version="1.0" encoding="UTF-8"?><?xml-stylesheet type="text/xsl" href="static/style.xsl"?><OAI-PMH xmlns="http://www.openarchives.org/OAI/2.0/" xmlns:xsi="http://www.w3.org/2001/XMLSchema-instance" xsi:schemaLocation="http://www.openarchives.org/OAI/2.0/ http://www.openarchives.org/OAI/2.0/OAI-PMH.xsd"><responseDate>2026-06-05T14:37:12Z</responseDate><request verb="GetRecord" identifier="oai:riuma.uma.es:10630/26018" metadataPrefix="marc">https://riuma.uma.es/rest/oai/request</request><GetRecord><record><header><identifier>oai:riuma.uma.es:10630/26018</identifier><datestamp>2026-02-03T11:01:21Z</datestamp><setSpec>com_10630_2254</setSpec><setSpec>col_10630_37953</setSpec></header><metadata><record xmlns="http://www.loc.gov/MARC21/slim" xmlns:dcterms="http://purl.org/dc/terms/" xmlns:doc="http://www.lyncode.com/xoai" xmlns:xsi="http://www.w3.org/2001/XMLSchema-instance" xsi:schemaLocation="http://www.loc.gov/MARC21/slim http://www.loc.gov/standards/marcxml/schema/MARC21slim.xsd">
   <leader>00925njm 22002777a 4500</leader>
   <datafield ind2=" " ind1=" " tag="042">
      <subfield code="a">dc</subfield>
   </datafield>
   <datafield ind2=" " ind1=" " tag="720">
      <subfield code="a">Rodríguez-Pérez, María Dolores</subfield>
      <subfield code="e">author</subfield>
   </datafield>
   <datafield ind2=" " ind1=" " tag="720">
      <subfield code="a">Santiago-Corral, Laura</subfield>
      <subfield code="e">author</subfield>
   </datafield>
   <datafield ind2=" " ind1=" " tag="720">
      <subfield code="a">Ortega-Hombrados, Laura</subfield>
      <subfield code="e">author</subfield>
   </datafield>
   <datafield ind2=" " ind1=" " tag="720">
      <subfield code="a">Verdugo, Cristina</subfield>
      <subfield code="e">author</subfield>
   </datafield>
   <datafield ind2=" " ind1=" " tag="720">
      <subfield code="a">Monsalud Arrebola, María</subfield>
      <subfield code="e">author</subfield>
   </datafield>
   <datafield ind2=" " ind1=" " tag="720">
      <subfield code="a">Martín Aurioles, Esther</subfield>
      <subfield code="e">author</subfield>
   </datafield>
   <datafield ind2=" " ind1=" " tag="720">
      <subfield code="a">Fernández-Prior, María África</subfield>
      <subfield code="e">author</subfield>
   </datafield>
   <datafield ind2=" " ind1=" " tag="720">
      <subfield code="a">Bermúdez-Oria, Alejandra</subfield>
      <subfield code="e">author</subfield>
   </datafield>
   <datafield ind2=" " ind1=" " tag="720">
      <subfield code="a">González-Correa, José Antonio</subfield>
      <subfield code="e">author</subfield>
   </datafield>
   <datafield ind2=" " ind1=" " tag="720">
      <subfield code="a">De La Cruz, José Pedro</subfield>
      <subfield code="e">author</subfield>
   </datafield>
   <datafield ind2=" " ind1=" " tag="260">
      <subfield code="c">2023-01-11</subfield>
   </datafield>
   <datafield ind2=" " ind1=" " tag="520">
      <subfield code="a">The aim of this study was to analyze the possible nephroprotective effect of 3’,4’-dihydroxyphenylglycol (DHPG), a polyphenolic compound of extra virgin olive oil (EVOO), on renal lesions in an experimental model of type 1 diabetes. Rats were distributed as follows: healthy normoglycemic rats (NDR), diabetic rats treated with saline (DR), and DR treated with 0.5 mg/kg/day or 1 mg/kg/day of DHPG. DR showed a significantly higher serum and renal oxidative and nitrosative stress profile than NDR, as well as reduced prostacyclin production and renal damage (defined as urinary protein excretion, reduced creatinine clearance, increased glomerular volume, and increased glomerulosclerosis index). DHPG reduced the oxidative and nitrosative stress and increased prostacyclin production (a 59.2% reduction in DR and 34.7–7.8% reduction in DHPG-treated rats), as well as 38–56% reduction in urinary protein excretion and 22–46% reduction in glomerular morphological parameters (after the treatment with 0.5 or 1 mg/kg/day, respectively). Conclusions: DHPG administration to type 1-like diabetic rats exerts a nephroprotective effect probably due to the sum of its antioxidant (Pearson’s coefficient 0.68–0.74), antinitrosative (Pearson’s coefficient 0.83), and prostacyclin production regulator (Pearson’s coefficient 0.75) effects.</subfield>
   </datafield>
   <datafield ind1="8" ind2=" " tag="024">
      <subfield code="a">Rodriguez-Pérez MD, Santiago-Corral L, Ortega-Hombrados L, Verdugo C, Arrebola MM, Martín-Aurioles E, Fernández-Prior MÁ, Bermúdez-Oria A, De La Cruz JP, González-Correa JA. The Effect of the Extra Virgin Olive Oil Minor Phenolic Compound 3′,4′-Dihydroxyphenylglycol in Experimental Diabetic Kidney Disease. Nutrients. 2023; 15(2):377. https://doi.org/10.3390/nu15020377</subfield>
   </datafield>
   <datafield ind1="8" ind2=" " tag="024">
      <subfield code="a">https://hdl.handle.net/10630/26018</subfield>
   </datafield>
   <datafield ind1="8" ind2=" " tag="024">
      <subfield code="a">https://doi.org/10.3390/nu15020377</subfield>
   </datafield>
   <datafield tag="653" ind2=" " ind1=" ">
      <subfield code="a">Diabetes</subfield>
   </datafield>
   <datafield ind2="0" ind1="0" tag="245">
      <subfield code="a">The Effect of the Extra Virgin Olive Oil Minor Phenolic Compound 3′,4′-Dihydroxyphenylglycol in Experimental Diabetic Kidney Disease</subfield>
   </datafield>
</record>
</metadata></record></GetRecord></OAI-PMH>